Saint-Vincent et les Grenadines pour les touristes... - Statistiques

Statistiques générales
  • Ce quiz a été pris 3 fois
  • Le résultat moyen est 7 sur 20
Statistiques - réponses
Question Indice Réponses % Correct
Quelle est la langue officielle ? Anglais
100%
Combien d'heures (environ) mettrez-vous pour vous y rendre ? (en chiffres) 12
67%
La vitesse est limitée hors des villes à {30} km/h
67%
Dans la capitale quel est le décalage horaire avec Paris ? (+ ou - et chiffre) ex - 10 - 6
67%
La conduite se fait à droite ou à gauche ? Gauche
67%
Quelles sont les principaux lieux touristiques ? S-V Ile {Saint-Vincent}
67%
Avez-vous besoin d'un visa ? (oui/non) Non
67%
Achats à faire 1/ Sets de Table
67%
Quel est le climat local ? T Tropical
67%
La religion majoritaire est Anglicanisme
33%
Comment se nomme la principale compagnie aérienne locale C A Caribbean Airlines
33%
Le principal aéroport est K Kingstown
33%
Achats à faire 2/ Chapeau traditionnel Bakoua
0%
Achats à faire 4/ Objets en Bambou
0%
Achats à faire 3/ Poupées locales de type Créole
0%
Quelle est la monnaie ? Dollar des Caraïbes orientales
0%
Quelles sont les principaux lieux touristiques ? B Ile {Bequia}
0%
Quelles sont les principaux lieux touristiques ? M Ile {Moustique}
0%
Quelles sont les principaux lieux touristiques ? C Iles {Canouan}
0%
Le suffixe internet est vc
0%
Aucun quiz correspondant
Distribution des résultats
% des personnes avec chaque résultat
Percentile par nombre de réponses
Votre historique - résultats
Vous n’avez pas pris ce quiz